000 00998nam a22002777a 4500
003 OSt
005 20231013122916.0
007 ta
008 231011s2022 mx a|||| |||| 001 0 spa d
020 _a9786071206206
040 _cCHAP
_erda
090 _aFolleto 18542
100 1 _95718
_aAndrés Agustín, Jorge
245 1 0 _aManual técnico para el cultivo del chirimoyo (Annona cherimola Mill.) en el estado de Michoacán /
_cpor Jorge Andrés Agustín
264 1 _aMéxico:
_bUniversidad Autónoma Chapingo,
_c2022
300 _a31 páginas:
_bcuadros, ilustraciones
336 _2rdacontent
_atexto
_btxt
337 _2rdamedia
_asin medio
_bn
338 _2rdacarrier
_avolumen
_bnc
504 _aIncluye bibliografía
650 4 _9128573
_aChirimoya
_xCultivo
650 4 _9135018
_aChirimoya
_xDistribución geográfica
650 4 _922612
_aChirimoya
_xFisiología y morfología
650 4 _922610
_aChirimoya
_xEnfermedades
942 _2Clasificación Universidad Autónoma Chapingo
_cFOLL
999 _c219259
_d219259